Modulárna reprezentácia GUI pre počítačom generovanú realitu pre účely aplikácií Industry 4.0

Enregistré dans:
Détails bibliographiques
Auteur principal: Sedláček, Tomáš (Auteur)
Autres auteurs: Kučera, Erik (Directeur de thèse)
Format: Manuscrit Livre
Langue:slovaque
Publié: 2025
Sujets:
Accès en ligne:http://is.stuba.sk/zp/portal_zp.pl?podrobnosti=184464
Tags: Ajouter un tag
Pas de tags, Soyez le premier à ajouter un tag!

MARC

LEADER 00000ntm a22000003a 4500
001 stuzp102334
003 SK-STU
005 20250614211157.4
007 ta
008 150427s2015----xo-----f-mn---000-0-slo-d
040 |a STU  |b slo 
041 0 |a slo 
100 1 |a Sedláček, Tomáš  |u 030400  |4 aut  |U FEI Fakulta elektrotechniky a informatiky  |T FEI Ústav automobilovej mechatroniky  |X 104378  |U E400  |Y 642  |7 104378 
242 0 1 |a Modular Representation of Extended Reality GUI for Industry 4.0 Applications  |y eng 
245 1 0 |a Modulárna reprezentácia GUI pre počítačom generovanú realitu pre účely aplikácií Industry 4.0 
260 |c 2025 
650 4 |a HoloLens 2  |2 eng 
650 4 |a modular user interface  |2 eng 
650 4 |a Asset Administration Shell  |2 eng 
650 4 |a Mixed Reality  |2 eng 
650 4 |a GUI  |2 eng 
650 4 |a Mixed Reality Toolkit 3  |2 eng 
650 4 |a Unity  |2 eng 
650 4 |a Industry 4.0  |2 eng 
650 4 |a GUI  |2 slo 
650 4 |a Unity  |2 slo 
650 4 |a Asset Administration Shell  |2 slo 
650 4 |a zmiešaná realita  |2 slo 
650 4 |a Mixed Reality Toolkit 3  |2 slo 
650 4 |a HoloLens 2  |2 slo 
650 4 |a modulárne používateľské rozhranie  |2 slo 
650 4 |a Industry 4.0  |2 slo 
700 1 |a Kučera, Erik  |u 030400  |k Z1  |4 ths  |U FEI Fakulta elektrotechniky a informatiky  |T FEI Ústav automobilovej mechatroniky  |X 55901  |U E400  |Y 642  |7 A000055901 
856 4 |u http://is.stuba.sk/zp/portal_zp.pl?podrobnosti=184464